01313pam a2200349 a 45000010005000000030006000050050017000110080041000280100017000690200018000860400023001040420009001270500022001360820022001581000024001802450048002042600041002523000059002934400016003525050007003685200131003755210018005065210019005246500073005436500039006166500051006556500052007069060045007589420015008039990015008189520130008331899FISKH20231009103730.0960318s1996 nyuab b b 001 0 eng  a 96013475  a9780516260907 aDLCcDLCdDLCbeng alcac00aE98.R3bM545 199600a394.2/6/089972201 aMiller, Jay,d1947-10aAmerican Indian festivals /cby Jay Miller. aNew York :bChildren's Press,c1996. a47 pages :bcolor map ; color illustrations ; c22 cm. 2aA true book aR  aBriefly describes some of the customs and practices related to festivals celebrated in various North American Indian cultures.8 a700 bLexile 8 aR bRaz-Plus  0aIndians of North AmericaxRites and ceremoniesxJuvenile literature. 0aIndian dancexJuvenile literature. 0aFestivalszNorth AmericaxJuvenile literature. 1aIndians of North AmericaxRites and ceremonies. a7bcbccorignewd1eocipf19gy-gencatlg 2ddccBKn0 c1899d1899 00102ddc40708NFICa001b001cTK Oranged2023-10-09l0oMIL 394.2 E98.R3 pFISTK01616r2023-10-09 10:37:24w2023-10-09yBK